000 00574cam a2200217 a 4500
001 1881298
005 20180111071842.0
008 830328s1982 ctuaf b 001 0 eng
010 _a 83105899
020 _z0819559698 :
_c$32.50
040 _aDLC
_cDLC
_dDLC
041 _aeng
080 _a760.0924
082 0 0 _a760.0924 EVA
_219
100 1 _a21
101 _aGJL
245 1 0 _aMather Brown, early American artist in England /
_cDorinda Evans.
504 _aBibliography: p. 279-284.
906 _a7
_bcbc
_corignew
_d2
_encip
_f19
_gy-gencatlg
942 _2ddc
_cBK
999 _c40119
_d40119